004560000a2200145000450024500660000065000130006665000230007965000200010265100220012265300340014404100130017870000190019110000220021077300780023210aNew mouse of the genus Nelsonia from Southern Jalisco, Mexico14aRoedores14aTaxonomía animal14aNuevas especies 4dJaliscopMéxico gNelsoniaeNelsonia neotomodon0 aInglés1 aJones, J. Knox1 aGenoways, Hugh H.1 tProceedings of the Biological Society of Washington341q97-100d1968g81